000 00770nam a2200241 a 4500
001 46379
003 BD-RjUL
005 20211209054138.0
008 160802s1985 ii a b 001 0 eng
035 _a(BD-RjUL)46497
040 _aDLC
_cDLC
_dDLC
_beng
041 _aeng
082 0 0 _a344.5416201
_bSAI 1985
_223
100 1 _aSanajaoba, Naorem.
_9141620
245 1 0 _aIndustrial tribunal :
_bworking, procedure, and judicial trends /
_cNaorem Sanajaoba ; foreword by Alice Jacob.
260 _aNew Delhi :
_bDeep & Deep Publications,
_cc1985.
300 _a412 p. :
_c22 cm.
_bill. ;
500 _aIncludes index.
504 _aBibliography: p. [397]-410.
650 0 _aLabor courts
_zIndia
_zAssam.
_9141621
942 _2ddc
_cBK
999 _c46379
_d46379